| 000 | 00563nam a22001937a 4500 | ||
|---|---|---|---|
| 999 |
_c5517 _d5517 |
||
| 001 | 2767 | ||
| 003 | BD-DhUAP | ||
| 005 | 20201213140010.0 | ||
| 008 | 201213s1995 ii a|||| |||| 00| 0 eng d | ||
| 040 |
_aBD-DhUAP _bEng _cBD-DhUAP _dBD-DhUAP |
||
| 082 |
_223 _a690 SHA |
||
| 100 | _aSharma, S. C. | ||
| 245 |
_aConstruction equipment and its management / _cS. C. Sharma. |
||
| 250 | _a2nd ed. | ||
| 260 |
_aNew Delhi : _bKhanna Publishers, _cc1995. |
||
| 300 |
_a[12], 827 pages : _billustrations ; _c22 cm. |
||
| 650 | _aConstruction equipment. | ||
| 942 |
_2ddc _cBK |
||